000 01296cad a22002055a 4500
001 L155872
008 120418e2012 xxk 000 0 eng d
035 _a(Sirsi) u155872
041 0 _aeng
110 2 _aKnight Frank
_91530
245 0 0 _aDubai office market update
_bQ1 2012
_h[electronic resource]
260 _a[S.l.]
_bKnight Frank
_c2012
490 0 _aKnight Frank Dubai Office Market Update
_vQ1 2012
520 _aDubai remains the pre-eminent business destination in the Middle East. The completion of large amounts of new secondary stock continues to detract from positive activity in prime locations and buildings. Well located, single ownership buildings with good parking facilities and high quality management will further attract and retain tenants. Prime headline rents remain unchanged over Q1 2012. Figures cover Dubai office stock (2008-2013); total vacancy rates; key market indicators; current demand by occupier in Q1 2012 ; and tenant size requirement (sq ft) in Q1 2012. Table shows indicative rents by district.
590 _aKA
651 4 _aDubai
690 _aCommercial property
_96227
856 4 0 _uhttps://my.knightfrank.com/research/?regionid=8
_zView the report (click on Middle East in the Refine box, then click on title) at my.knightfrank.com
942 _n0
999 _c83923
_d83923